|
|
|
|
| LEADER |
00000nam a2200000 4500 |
| 008 |
190219b2018 cr a|||| |||| 00| 0 spa d |
| 999 |
|
|
|c 3651
|d 3651
|
| 090 |
|
|
|a CD # 291
|b Tesis # 64
|
| 100 |
|
|
|9 4472
|a Bolaños Villalobos, Diana
|
| 245 |
1 |
0 |
|a Auditoría de información en el Instituto de Investigación en Educación : modelo de gestión del conocimiento para el monitoreo de los procesos, servicios y productos de sus unidades de apoyo a la investigación educativa /
|c Diana Bolaños Villalobos, Marianella Campos Esquivel, Mariana Lacayo Campos, Carolina Ugalde Ovares, Jenifer Zúñiga Guillén, Evelyn Cajina Alemán
|
| 260 |
|
|
|a San José, Costa Rica,
|c 2018.
|
| 300 |
|
|
|a 301 hojas : ilustraciones
|
| 502 |
|
|
|a Seminario de graduación (licenciatura en bibliotecología y ciencias de la información)--Universidad de Costa Rica. Facultad de Educación. Escuela de Bibliotecología y Ciencias de la Información, 2018--Seminario de graduación (licenciatura en Administración pública)--Universidad de Costa Rica. Facultad de Ciencias Económicas. Escuela de Administración Pública, 2018
|
| 610 |
|
4 |
|9 714
|a UNIVERSIDAD DE COSTA RICA
|
| 610 |
2 |
4 |
|9 153
|a INSTITUTO DE INVESTIGACIÓN EN EDUCACIÓN
|
| 650 |
1 |
4 |
|9 1452
|a SISTEMAS DE INFORMACIÓN
|
| 650 |
1 |
4 |
|9 4473
|a AUDITORÍA
|
| 650 |
1 |
4 |
|9 472
|a ADMINISTRACIÓN DE RECURSOS
|
| 650 |
1 |
4 |
|9 4474
|a GESTIÓN DEL CONOCIMIENTO
|
| 650 |
1 |
4 |
|9 4475
|a DIAGRAMAS DE FLUJO
|
| 700 |
|
|
|9 4476
|a Campos Esquivel, Marianella
|
| 700 |
|
|
|9 4477
|a Lacayo Campos, Mariana
|
| 700 |
|
|
|9 4478
|a Ugalde Ovares, Carolina
|
| 700 |
|
|
|9 4479
|a Zúñiga Guillén, Jenifer
|
| 700 |
|
|
|9 1742
|a Cajina Alemán, Evelyn
|
| 942 |
|
|
|i 002627,004276
|h CD # 291 Tesis # 64
|2 z
|c 08
|